书目信息 |
| 题名: |
涂料中的乳液
|
|
| 作者: | 瓦尔森 , Warson , 芬奇 , Finch 著 ;经桴良 , 赵金榜 , 苏琴 译 | |
| 分册: | ||
| 出版信息: | 北京 化学工业出版社 2004.4 |
|
| 页数: | 317页 | |
| 开本: | 24cm | |
| 丛书名: | 合成聚合物乳液的应用 | |
| 单 册: | ||
| 中图分类: | TQ637 | |
| 科图分类: | ||
| 主题词: | 乳胶漆 | |
| 电子资源: | ||
| ISBN: | 7-5025-5110-7 | |
| 000 | 01293nam2 2200361 45 | |
| 001 | 012004000000 | |
| 005 | 20050110150544.12 | |
| 010 | @a7-5025-5110-7@dCNY 42.00 | |
| 100 | @a20041122d2004 em y0chiy0121 ea | |
| 101 | 1 | @achi@ceng |
| 102 | @aCN@b110000 | |
| 105 | @aak z 001yy | |
| 200 | 1 | @a涂料中的乳液@Atu liao zhong de ru ye@e乳胶漆@f(英)瓦尔森(Warson, H.), (英)芬奇(Finch, C. A.)著@g经桴良, 赵金榜, 苏琴等译 |
| 210 | @a北京@c化学工业出版社@d2004.4 | |
| 215 | @a317页@c图, 表格@d24cm | |
| 225 | 2 | @a合成聚合物乳液的应用@h第2卷 |
| 304 | @a书名原文: Applications of synthetic resin latices, volume 2, latices in surface coatings: emulsion paints | |
| 320 | @a本书含索引及参考文献 | |
| 410 | 0 | @12001 @a合成聚合物乳液的应用 |
| 510 | 1 | @aApplications of synthetic resin latices, volume 2, latices in surface coatings: emulsion paints@zeng |
| 510 | 1 | @aChemical industry press@zeng |
| 517 | 1 | @a乳胶漆 |
| 606 | 0 | @a乳胶漆 |
| 690 | @aTQ637@v4 | |
| 701 | 0 | @a瓦尔森@Awa er sen@bH.@4著 |
| 701 | A1 | @aWarson@bH.@4著 |
| 701 | 1 | @a芬奇@Afen qi@bC. A.@4著 |
| 701 | A1 | @aFinch@bC. A.@4著 |
| 702 | 0 | @a经桴良@Ajing fu liang@4译 |
| 702 | 0 | @a赵金榜@Azhao jin bang@4译 |
| 702 | 0 | @a苏琴@Asu qin@4译 |
| 801 | 0 | @aCN@bQSSKcyc@c20050110 |
| 905 | @a10447@dTQ637@eW004 | |
| 涂料中的乳液:乳胶漆/(英)瓦尔森(Warson, H.), (英)芬奇(Finch, C. A.)著/经桴良, 赵金榜, 苏琴等译.-北京:化学工业出版社,2004.4 |
| 317页:图, 表格;24cm.-(合成聚合物乳液的应用.第2卷) |
| ISBN 7-5025-5110-7:CNY 42.00 |
| ● |
| 相关链接 |
|
|
|
正题名:涂料中的乳液
索取号:TQ637/W004
 
预约/预借
| 序号 | 登录号 | 条形码 | 馆藏地/架位号 | 状态 | 备注 |
| 1 | 435718 | 204357187 | 自科库501/501自科库 40排5列1层/ [索取号:TQ637/W004] | 在馆 | |
| 2 | 435719 | 204357196 | 自科库501/501自科库 40排5列1层/ [索取号:TQ637/W004] | 在馆 |